000 00390 a2200157 4500
001 68126
020 _a9783196017809
040 _cAnchieta - Pituba
100 _aZülsdorf, Kerstin
240 1 0 _aDabei! A2
_ldeu / ger
245 1 0 _aDabei! A2
300 _a68
362 0 _a2020
650 4 _a Uso padrão da língua alemã (prescptiva linguística - proficiência alemã)
942 _cBK
999 _c68126
_d68126